Statistics for Countries, US States, Capitals, Elements, 100 Most Common Words: Containing 'AND'

Click here to take the quiz!

General Stats

  • This quiz has been taken 665 times
  • The average score is 15 of 28

Answer Stats

ANSWER % Correct
And
88%
Iceland
76%
Ireland
75%
Swaziland
74%
Finland
71%
Switzerland
67%
Poland
66%
Saint Kitts and Nevis
66%
New Zealand
65%
Andorra
65%
Thailand
64%
Trinidad and Tobago
64%
Saint Vincent and the Grenadines
63%
Netherlands
60%
Antigua and Barbuda
58%
São Tomé and Príncipe
52%
Andorra la Vella
50%
Solomon Islands
49%
Bosnia and Herzegovina
49%
Marshall Islands
49%
Maryland
46%
Uganda
33%
Rwanda
31%
Bandar Seri Begawan
27%
Rhode Island
27%
Scandium
26%
Luanda
18%
Kathmandu
12%

Score Distribution

Percentile by Number Answered

Percent of People with Each Score

Your Score History

You have not taken this quiz